Guess the Mystery Lana Del Rey Song - Statistics

General Stats
  • This quiz has been taken 53 times
  • The average score is 218 of 358
Answer Stats
Answer % Correct
a
92%
he
86%
you
86%
You
86%
the
84%
me
81%
my
81%
you're
81%
do
78%
im
78%
i'm
78%
I'm
78%
It
78%
it
78%
to
76%
and
73%
be
70%
on
70%
what
70%
who
70%
But
59%
but
59%
girl
59%
like
59%
baby
54%
He's
54%
him
54%
His
54%
not
51%
say
51%
with
51%
got
49%
sad
49%
bad
46%
Being
46%
man
46%
side
46%
haven't
41%
makes
41%
fire
38%
seen
38%
fools
35%
might
35%
Might
35%
money
35%
something
35%
talking
35%
would
35%
bitch
32%
talks
32%
walks
32%
Watch
32%
appeal
30%
careful
30%
bonnie
27%
gets
27%
high
27%
mistress
27%
around
24%
while
24%
Creeping
14%
No matching quizzes found
Score Distribution
Percent of People with Each Score
Percentile by Number Answered
Your Score History
You have not taken this quiz